000 00677nam a2200253Ia 4500
005 20250425162147.0
008 250425s9999 xx 000 0 und d
020 _a0262083299
041 _achi
082 _a338.040973
100 _aMASSACHUSETTS INSTITUTE, OF TECHNOLOGY
245 0 _aPUBLIC POLICY AND THE ECONOMICS OF ENTREPRENEURSHIP
250 _aS.E.
260 _aLONDON
260 _aReino Unido
_bCAMBRIDGE
_c2004
300 _a213
650 _aEMPRENDEDORES
650 _aESTADOS UNIDOS
650 _aPOLITICA ECONOMICA
650 _aPOLITICA GUBERMENTAL C+T
710 _aMASSACHUSETTS INSTITUTE OF TECHNOLOGY
942 _c01
010 _a53857
999 _c223555
_d223555